Normal view
MARC view
- Escuadra, Mark Ian R.
Entry Personal Name
001 - CONTROL NUMBER
- control field: 2641
003 - CONTROL NUMBER IDENTIFIER
- control field: URS
005 - DATE AND TIME OF LATEST TRANSACTION
- control field: 20220916085526.0
008 - FIXED-LENGTH DATA ELEMENTS
- fixed length control field: 220916|| aca||aabn | a|a d
040 ## - CATALOGING SOURCE
- Original cataloging agency: URS
100 ## - HEADING--PERSONAL NAME
- Personal name: Escuadra, Mark Ian R.
- Relator term: author